000 00367nam a2200145Ia 4500
008 230917s9999||||xx |||||||||||||| ||und||
040 _e106646
_aMAIN
041 _aEnglish
082 _a301.04 D74E
100 _aDoshi S. L.
245 0 _aModernity, postmodnity and neo-sociological theories
260 _aJaipur
_bRawat
_c2003
300 _a497P p.
942 _cBK
999 _c120993
_d120993